Géographie des Etats-Unis - Statistiques

Statistiques générales
  • Ce quiz a été pris 162 fois
  • Le résultat moyen est 12 sur 25
Statistiques - réponses
Hint Réponse % Correct
Combien y a-t-il d'États aux États-Unis ? 50
99%
Quelle est la capitale des États-Unis ? Washington D.C.
99%
Quel est l'État le plus peuplé des États-Unis ? Californie
93%
Quel océan borde la côte est des États-Unis ? L'Océan Atlantique
84%
Quel État est surnommé "The Sunshine State" ? Floride
73%
Quel est le plus grand fleuve du pays ? Mississippi
72%
Quel État abrite le Grand Canyon ? Arizona
68%
Quelle rivière sert de frontière entre le Texas et le Mexique ? Río Grande
62%
Quel est l'État le plus petit des États-Unis ? Rhode Island
60%
Quel est le nom de la ville de Louisiane qui est située à l'embouchure du fleuve Mississippi et est célèbre pour son rôle historique, sa musique jazz et son carnaval ? La Nouvelle-Orléans
59%
Quelle chaîne de montagnes se trouve à l'ouest des États-Unis et traverse plusieurs États, dont le Montana, l'Idaho, le Wyoming, le Nouveau-Mexique, l'Utah et le Colorado ? Montagnes Rocheuses
59%
Quel État possède le plus long littoral ? Alaska
58%
Quelle est la capitale de l'État du Texas ? Austin
55%
Dans quel État se trouve le Mont Rushmore ? Dakota du Sud
48%
Quelle chaîne de montagnes traverse l'est des États-Unis ? Appalaches
47%
Quelle ville est surnommée "The Windy City" ? Chicago
38%
Dans quel État se trouve le parc national de Yellowstone ? Wyoming
37%
Quelle est la capitale de l'État de New York ? Albany
27%
Comment s'appelle la grande étendue désertique située principalement en Californie, mais qui déborde également au Nevada et en Arizona ? Désert des Mojaves
14%
Quel est le nom du volcan actif situé sur l'île de la Grande Île d'Hawaï, qui est l'un des volcans les plus actifs du monde ? Kīlauea
5%
Quel est le point culminant des États-Unis (hors Alaska) ? Mont Whitney
5%
Quel est le parc national de l'Utah, célèbre pour ses formations rocheuses rouges comme le "Balanced Rock" ou "Double O Arch" ? Parc national des Arches
2%
Comment s'appelle le lac du Wisconsin qui est le plus grand de cet État ? Lac Winnebago
1%
Quel parc national, situé dans le sud du Kentucky, est célèbre pour ses grottes et ses formations géologiques uniques ? Parc national de Mammoth Cave
1%
Quelle grande étendue d’eau salée située dans l’État de Washington est connue pour ses nombreuses îles, ses fjords et son rôle essentiel dans l’écosystème des États-Unis ? Puget Sound
1%
Aucun quiz correspondant
Distribution des résultats
% des personnes avec chaque résultat
Percentile par nombre de réponses
Votre historique - résultats
Vous n’avez pas pris ce quiz